[Event "NCA-chT final"]
[Site "Managua"]
[Date "2017.11.12"]
[Round "9.1"]
[White "Jimenez Raitt, Lester"]
[Black "Alfaro Caracas, William"]
[Result "0-1"]
[WhiteElo "1936"]
[BlackElo "2181"]
[PlyCount "114"]
[EventDate "2017.10.21"]
[EventType "team-tourn"]
[EventRounds "9"]
[EventCountry "NCA"]
[SourceTitle "CBM 181 Extra"]
[Source "ChessBase"]
[SourceDate "2017.12.12"]
[SourceVersion "1"]
[SourceVersionDate "2017.12.12"]
[SourceQuality "1"]

1. e4 c5 2. Nc3 a6 3. a4 Nc6 4. Bc4 Nf6 5. f4 e6 6. e5 d5 7. Be2 Nd7 8. Nf3 f6 9. exf6 Nxf6 10. d3 Bd6 11. 0-0 0-0 12. Bd2 Qc7 13. g3 Bd7 14. Qe1 Rae8 15. Qf2 Nb4 16. Bd1 Bc6 17. Ne2 a5 18. Bxb4 axb4 19. d4 Ne4 20. Qe3 g5 21. Nxg5 cxd4 22. Nxd4 Nxg5 23. fxg5 Rxf1+ 24. Kxf1 Bc5 25. Qd3 Qe5 26. c3 Qxg5 27. Bc2 Qh6 28. Kg2 e5 29. Nxc6 bxc6 30. Rf1 e4 31. Qe2 bxc3 32. bxc3 Qg7 33. Qh5 Rf8 34. Bxe4 Rxf1 35. Kxf1 Qf6+ 36. Qf5 Qxc3 37. Qxh7+ Kf8 38. Qh6+ Ke7 39. Qg5+ Kd6 40. Qd8+ Ke6 41. Qe8+ Be7 42. Qc8+ Ke5 43. Qf5+ Kd4 44. Bc2 Kc4 45. Ke2 Kb4 46. Qd3 Qe5+ 47. Kf3 Ka5 48. h4 Bd6 49. Kg2 Qe1 50. h5 Bc5 51. Kh3 Kb6 52. Kg4 Qe6+ 53. Qf5 Qe2+ 54. Kg5 Qh2 55. g4 Qd6 56. h6 Be3+ 57. Kh4 Qh2# 0-1